| 000 | 01496cam a2200349 ic4500 | ||
|---|---|---|---|
| 001 | 11246435 | ||
| 003 | EG-ScBUE | ||
| 005 | 20250525083517.0 | ||
| 008 | 800804t1984 nyua 1 f 0 1 a0eng d | ||
| 035 | _a(OCoLC)ocm06584352 | ||
| 040 |
_aEG-ScBUE _beng _erda _cEG-ScBUE _dEG-ScBUE |
||
| 082 | 0 | 4 |
_a531.1137 _222 _bADV |
| 245 | 0 | 0 |
_aAdvances in transport processes. _nvolume 3 / _ceditors Arun S. Mujumdar, Department of Chemical Engineering, McGill University, Montreal, Canada and R. A. Mashelkar, National Chemical Laboratory, Pune, India. |
| 264 | 1 |
_aNew York : _bJohn Wiley & Sons, _c[1984] |
|
| 264 | 4 | _cc1984 | |
| 300 |
_a452 pages : _billustrations ; _c25 cm |
||
| 336 |
_2rdacontent _atext _btxt |
||
| 337 |
_aunmediated _2rdamedia _bn |
||
| 338 |
_avolume _bnc _2rdacarrier |
||
| 500 | _a"A Halsted Press book." | ||
| 500 | _aIncludes index. | ||
| 510 | 2 |
_aChemical abstracts _x0009-2258 |
|
| 650 | 7 |
_aHeat _xTransmission. _96616 _2BUEsh |
|
| 650 | 7 |
_aMass transfer. _96617 _2BUEsh |
|
| 650 | 7 |
_aMomentum transfer. _96618 _2BUEsh |
|
| 650 | 7 |
_aTransport theory. _96619 _2BUEsh |
|
| 655 | _vReading book | ||
| 700 | 1 |
_aMujumdar, Arun S., _eeditor. |
|
| 700 | 1 |
_aMashelkar, R. A., _eeditor. |
|
| 942 |
_2ddc _cBB |
||
| 999 |
_c11941 _d11941 |
||